| 000 | 01134nam a22002777a 4500 | ||
|---|---|---|---|
| 999 |
_c152329 _d152329 |
||
| 005 | 20190715115355.0 | ||
| 010 | _aB-694062 B-728362 | ||
| 020 |
_a9789332550230 _c649.00 |
||
| 020 | _c699.00 | ||
| 035 | _aB-694062 | ||
| 035 | _aB-728362 | ||
| 037 | _bRK Books | ||
| 082 | _a621.3822 | ||
| 100 | _aOppenheim,Alan V. | ||
| 245 |
_aSignals and systems / _cby Alan V. Oppenheim, Alan S Willsky [and] Syed Hamid Nawab |
||
| 250 | _a2nd ed | ||
| 260 |
_aNoida _bPearson _c2018 |
||
| 270 |
_a15th Floor, Tower B, World Trade Tower, Plot No.1, Block -C, Sector-16 _bNoida (UP) _e201301 |
||
| 300 |
_a944p.: _c23cm(pbk) _bill. |
||
| 500 | _aincluding bibliographical references and index | ||
| 700 | _aWillsky, Alan S. | ||
| 700 | _aNawab, Syed Hamid | ||
| 942 |
_2ddc _cEN _h621.3822 _mOPP |
||